[Event "19th Asia-ch (w)"]
[Site "Al-Ain UAE"]
[Date "2015.08.04"]
[Round "3.1"]
[White "Pourkashiyan, Atousa"]
[Black "Padmini, Rout"]
[Result "1-0"]
[WhiteElo "2341"]
[BlackElo "2444"]
[EventDate "2015.08.02"]
[PlyCount "81"]

1.e4 c5 2.Nf3 d6 3.d4 cxd4 4.Nxd4 Nf6 5.Nc3 a6 6.Be2 e5 7.Nb3 Be7 8.O-O 
O-O 9.Be3 Be6 10.Qd2 Nbd7 11.a4 b6 12.Rfd1 Qc7 13.Qe1 h6 14.h3 Qb7 15.Bf3 
Rfc8 16.Kh2 Bf8 17.Qe2 Rc7 18.g3 Rac8 19.Bd2 Nc5 20.Nxc5 Rxc5 21.Be3 Rc4 
22.Rd3 b5 23.axb5 axb5 24.Ra7 Qb8 25.Rd2 b4 26.Nd5 Nxe4 27.Rd1 Bxd5 28.
Rxd5 Nf6 29.Rd2 e4 30.Bg2 d5 31.b3 Rc3 32.Ra6 Bc5 33.Bxh6 gxh6 34.Rxf6 Kg7
35.Rf5 e3 36.Qg4+ Kf8 37.Bxd5 Rc7 38.Qh5 Qa7 39.Qxh6+ Ke8 40.Bc6+ Ke7 41.
Re5# 1-0

[Event "19th Asia-ch (w)"]
[Site "Al-Ain UAE"]
[Date "2015.08.04"]
[Round "3.2"]
[White "Hakimifard, Raana"]
[Black "Aulia, Medina Warda"]
[Result "0-1"]
[WhiteElo "2084"]
[BlackElo "2412"]
[EventDate "2015.08.02"]
[PlyCount "68"]

1.e4 e6 2.d4 d5 3.exd5 exd5 4.Nf3 Nc6 5.Bd3 Bg4 6.c3 Bd6 7.h3 Bh5 8.Be3 
Nge7 9.Nbd2 Qd7 10.Qc2 f5 11.g3 h6 12.Nh4 g6 13.g4 fxg4 14.Nxg6 Rg8 15.
Nxe7 Nxe7 16.O-O-O gxh3 17.Rde1 O-O-O 18.Bxh6 h2 19.c4 dxc4 20.Bxc4 Rg6 
21.Qxg6 Nxg6 22.Be6 Qxe6 23.Rxe6 Nf4 24.Rf6 Rg8 25.Nf1 Rg1 26.Rxh2 Rxf1+ 
27.Kd2 Bb4+ 28.Ke3 Nd5+ 29.Ke4 Nxf6+ 30.Kf5 Ng4 31.Rxh5 Nxh6+ 32.Rxh6 
Rxf2+ 33.Ke6 Re2+ 34.Kd5 Rxb2 0-1

[Event "19th Asia-ch (w)"]
[Site "Al-Ain UAE"]
[Date "2015.08.04"]
[Round "3.3"]
[White "Saduakasova, Dinara"]
[Black "Vijayalakshmi, Subbaraman"]
[Result "1/2-1/2"]
[WhiteElo "2401"]
[BlackElo "2341"]
[EventDate "2015.08.02"]
[PlyCount "101"]

1.d4 Nf6 2.c4 e6 3.Nf3 b6 4.g3 Bb7 5.Bg2 Be7 6.O-O O-O 7.Re1 d5 8.cxd5 
exd5 9.Nc3 Nbd7 10.Qc2 a6 11.Rd1 Bd6 12.Nh4 g6 13.Bg5 Qb8 14.Bh3 Re8 15.
Ng2 Kg7 16.Qc1 c6 17.Bh6+ Kh8 18.Bf4 b5 19.Re1 Nb6 20.Bg5 Ng8 21.Qc2 a5 
22.a4 b4 23.Nb1 Qc7 24.Nd2 Ba6 25.Rac1 Rxe2 26.Rxe2 Bxe2 27.Qxc6 Ra7 28.
Bf4 Bxf4 29.Nxf4 Qxc6 30.Rxc6 Nc4 31.Nxc4 Bxc4 32.Bf1 Bb3 33.Bb5 Ne7 34.
Rc5 Nf5 35.Ne2 Kg7 36.Kf1 Nd6 37.Nc1 Bc4+ 38.Bxc4 dxc4 39.Rc6 Ne4 40.f3 c3
41.Nd3 cxb2 42.Nxb2 Nc3 43.Rc5 Rd7 44.Rxa5 Rxd4 45.Ke1 Rd7 46.Re5 f6 47.
Re8 Ra7 48.Rb8 Nxa4 49.Rxb4 Nc5 50.Rb5 Ra1+ 51.Kf2 1/2-1/2

[Event "19th Asia-ch (w)"]
[Site "Al-Ain UAE"]
[Date "2015.08.04"]
[Round "3.4"]
[White "Zhang Xiaowen"]
[Black "Gomes, Mary Ann"]
[Result "1/2-1/2"]
[WhiteElo "2376"]
[BlackElo "2314"]
[EventDate "2015.08.02"]
[PlyCount "99"]

1.e4 c5 2.Nf3 d6 3.d4 cxd4 4.Nxd4 Nf6 5.Nc3 a6 6.h3 e6 7.g4 d5 8.Nde2 Bb4 
9.a3 Ba5 10.exd5 Nxd5 11.Bg2 Nc6 12.O-O Nxc3 13.Qxd8+ Nxd8 14.Nxc3 Bxc3 
15.bxc3 Bd7 16.Rb1 Rc8 17.Be3 Bb5 18.Rfd1 O-O 19.Bb6 Nc6 20.Rd7 Nb4 21.
cxb4 Bxd7 22.Bc5 Bc6 23.Bxf8 Kxf8 24.Bf1 Be4 25.Re1 Bxc2 26.Rc1 Rc6 27.b5 
axb5 28.Bxb5 Rb6 29.a4 Be4 30.Rc8+ Ke7 31.Rc7+ Kf6 32.f4 Bc6 33.Bxc6 bxc6 
34.Kg2 Ra6 35.Kf3 Rxa4 36.g5+ Kg6 37.Rxc6 Ra3+ 38.Kg4 f5+ 39.Kh4 Re3 40.
Rc3 Re4 41.Kg3 e5 42.Rc6+ Kh5 43.fxe5 Kxg5 44.Rc7 g6 45.Rxh7 Re3+ 46.Kf2 
Rxe5 47.h4+ Kg4 48.Rh6 g5 49.hxg5 Kxg5 50.Rh3 1/2-1/2

[Event "19th Asia-ch (w)"]
[Site "Al-Ain UAE"]
[Date "2015.08.04"]
[Round "3.5"]
[White "Tan Zhongyi"]
[Black "Soumya, Swaminathan"]
[Result "0-1"]
[WhiteElo "2512"]
[BlackElo "2325"]
[EventDate "2015.08.02"]
[PlyCount "130"]

1.d4 d5 2.c4 c6 3.Nf3 Nf6 4.Nc3 e6 5.e3 Nbd7 6.Bd3 dxc4 7.Bxc4 b5 8.Bd3 
Bb7 9.O-O a6 10.e4 c5 11.d5 Qc7 12.dxe6 fxe6 13.e5 Nxe5 14.Nxe5 Qxe5 15.
Re1 Qd6 16.Bf5 Qxd1 17.Nxd1 O-O-O 18.Bxe6+ Kc7 19.a4 Bd6 20.axb5 axb5 21.
Nc3 Rhe8 22.Bg5 Kb6 23.Bf5 Be5 24.Rad1 Rxd1 25.Rxd1 Bc6 26.Bc2 Bd4 27.h3 
h6 28.Bf4 g5 29.Be3 Bxe3 30.fxe3 b4 31.Na4+ Bxa4 32.Bxa4 Rxe3 33.Rd6+ Ka5 
34.Bc6 Ng8 35.Bf3 Ne7 36.Kf2 Re5 37.Rxh6 c4 38.Be2 Nf5 39.Rf6 Ng3 40.Ra6+ 
Kxa6 41.Bxc4+ Kb6 42.Kxg3 Kc5 43.b3 Re4 44.Bg8 Rf4 45.Kh2 Kd4 46.Kg3 Ke5 
47.Bh7 Rf7 48.Bg8 Rf8 49.Bc4 Rc8 50.Bf7 Kf6 51.Bd5 Kf5 52.Bf7 Rc6 53.Kh2 
Kf4 54.Bg8 Ke4 55.Bc4 Kf4 56.Bg8 Ke3 57.Bc4 Kf4 58.Bf7 Kf5 59.g4+ Kf6 60.
Bg8 Ke5 61.h4 gxh4 62.g5 Kf4 63.g6 Ke3 64.Bc4 Kf4 65.Bf7 Kf5 0-1

[Event "19th Asia-ch (w)"]
[Site "Al-Ain UAE"]
[Date "2015.08.04"]
[Round "3.6"]
[White "Shen Yang"]
[Black "Nakhbaeva, Guliskhan"]
[Result "1/2-1/2"]
[WhiteElo "2443"]
[BlackElo "2327"]
[EventDate "2015.08.02"]
[PlyCount "21"]

1.d4 Nf6 2.c4 e6 3.Nc3 Bb4 4.e3 O-O 5.Bd3 d5 6.Nf3 c5 7.O-O Nc6 8.a3 Bxc3 
9.bxc3 Qe7 10.cxd5 exd5 11.a4 1/2-1/2

[Event "19th Asia-ch (w)"]
[Site "Al-Ain UAE"]
[Date "2015.08.04"]
[Round "3.7"]
[White "Karavade, Eesha"]
[Black "Enkhtuul, Altanulzii"]
[Result "1/2-1/2"]
[WhiteElo "2409"]
[BlackElo "2269"]
[EventDate "2015.08.02"]
[PlyCount "98"]

1.Nf3 Nf6 2.c4 e6 3.g3 d5 4.Bg2 Be7 5.O-O O-O 6.d4 c5 7.cxd5 Nxd5 8.e4 Nb6
9.Nc3 Nc6 10.dxc5 Bxc5 11.Qe2 e5 12.Rd1 Bd4 13.Nxd4 Nxd4 14.Qf1 Qe7 15.b3 
Bg4 16.Rd3 Rfd8 17.f3 Be6 18.Bb2 a5 19.Ne2 Nc6 20.Rxd8+ Rxd8 21.Qf2 Nc8 
22.Nc3 Nd4 23.f4 exf4 24.gxf4 f6 25.Rd1 Nc6 26.Nd5 Bxd5 27.exd5 Nb4 28.Bd4
Qf7 29.Bc5 Na6 30.d6 Kh8 31.Ba3 b5 32.Bc5 Nxc5 33.Qxc5 Qd7 34.Rd5 Nxd6 35.
Qb6 Qe7 36.h3 a4 37.bxa4 bxa4 38.Qc5 h6 39.Kh2 f5 40.Qb4 Qd7 41.Rd4 Qc7 
42.Qxa4 Ne4 43.Rxd8+ Qxd8 44.Bxe4 fxe4 45.Qxe4 Qd2+ 46.Kg3 Qxa2 47.Qe8+ 
Kh7 48.Qe4+ Kg8 49.Qe8+ Kh7 1/2-1/2

[Event "19th Asia-ch (w)"]
[Site "Al-Ain UAE"]
[Date "2015.08.04"]
[Round "3.8"]
[White "Zhai Mo"]
[Black "Nguyen Thi Mai Hung"]
[Result "1/2-1/2"]
[WhiteElo "2406"]
[BlackElo "2227"]
[EventDate "2015.08.02"]
[PlyCount "106"]

1.d4 d5 2.c4 e6 3.Nc3 c6 4.e3 Nf6 5.Nf3 Nbd7 6.Bd3 Bd6 7.b3 O-O 8.Bb2 Qe7 
9.Qc2 Re8 10.O-O-O e5 11.dxe5 Nxe5 12.cxd5 Nxd3+ 13.Qxd3 cxd5 14.Kb1 Be6 
15.h3 Rac8 16.g4 Bb4 17.Rc1 Red8 18.Ne2 Ne4 19.Nf4 Ba3 20.Qd4 Bxb2 21.Qxb2
a5 22.Rxc8 Bxc8 23.Rd1 Be6 24.Nd4 h6 25.f3 Nf6 26.Ndxe6 fxe6 27.Qe5 Qd6 
28.Qxd6 Rxd6 29.e4 g5 30.e5 Rb6 31.Nxe6 Rxe6 32.exf6 Rd6 33.Kb2 Kf7 34.Kc3
Rxf6 35.Rxd5 Rxf3+ 36.Rd3 Rf2 37.a4 Rf4 38.Rd7+ Kf6 39.Rd6+ Kg7 40.Rd7+ 
Kf6 41.Rxb7 Rf3+ 42.Kc4 Rxh3 43.b4 Ra3 44.bxa5 Rxa4+ 45.Kb5 Rxg4 46.a6 Rg1
47.Rb6+ Kf5 48.Rxh6 Ra1 49.Rh8 g4 50.Kb6 Kf4 51.a7 g3 52.a8=Q Rxa8 53.Rxa8
g2 1/2-1/2

[Event "19th Asia-ch (w)"]
[Site "Al-Ain UAE"]
[Date "2015.08.04"]
[Round "3.9"]
[White "Mohota, Nisha"]
[Black "Li Ruofan"]
[Result "1/2-1/2"]
[WhiteElo "2259"]
[BlackElo "2374"]
[EventDate "2015.08.02"]
[PlyCount "92"]

1.d4 Nf6 2.Bg5 d5 3.e3 Nbd7 4.Nf3 g6 5.c4 Bg7 6.Nc3 dxc4 7.Bxc4 O-O 8.O-O 
a6 9.e4 b5 10.Bd3 Bb7 11.Re1 c5 12.d5 Qb6 13.Bc2 e5 14.Qe2 h6 15.Bxf6 Bxf6
16.Nd1 c4 17.b3 cxb3 18.axb3 a5 19.Bd3 Ba6 20.Qd2 Nc5 21.Bc2 b4 22.Qxh6 a4
23.bxa4 b3 24.Bb1 Bd3 25.Nb2 Bxb1 26.Raxb1 Nxa4 27.Nxa4 Rxa4 28.Ng5 Bxg5 
29.Qxg5 Rc8 30.Qxe5 Ra2 31.Qg3 Rc3 32.Qf4 Rcc2 33.Rf1 Rd2 34.h4 Rac2 35.h5
b2 36.h6 Qd4 37.h7+ Kxh7 38.Qxf7+ Kh6 39.Qf8+ Kh7 40.Qf7+ Kh6 41.Qf8+ Kh7 
42.Rfe1 Re2 43.Rxe2 Rxe2 44.Qe7+ Kh6 45.Qh4+ Kg7 46.Qe7+ Kh6 1/2-1/2

[Event "19th Asia-ch (w)"]
[Site "Al-Ain UAE"]
[Date "2015.08.04"]
[Round "3.10"]
[White "Wang Jue"]
[Black "Kurbonboeva, Sarvinoz"]
[Result "1/2-1/2"]
[WhiteElo "2360"]
[BlackElo "2264"]
[EventDate "2015.08.02"]
[PlyCount "89"]

1.e4 e5 2.Nf3 Nf6 3.Nxe5 d6 4.Nf3 Nxe4 5.Nc3 Nxc3 6.dxc3 Be7 7.Be3 Nc6 8.
Qd2 O-O 9.O-O-O Ne5 10.Kb1 c6 11.h4 Bg4 12.Be2 Nxf3 13.gxf3 Bh5 14.c4 Qd7 
15.Rhg1 Qf5 16.Bg5 Rfe8 17.Rg3 Bxg5 18.hxg5 Re7 19.Bd3 Qe6 20.a3 Rae8 21.
Rh1 Bg6 22.f4 Bxd3 23.Qxd3 Qe4 24.Rgh3 Qxd3 25.Rxd3 Rd8 26.Rdh3 Rde8 27.
R1h2 h6 28.gxh6 g6 29.h7+ Kh8 30.Ka2 Re4 31.Rd3 R8e6 32.f5 gxf5 33.Rh5 
Rxc4 34.Rxf5 Rh4 35.Rxf7 Rxh7 36.Rdf3 Re7 37.Rf8+ Kg7 38.R8f4 Rh6 39.c4 d5
40.cxd5 cxd5 41.Kb3 Rb6+ 42.Rb4 Rf6 43.Rbf4 Rb6+ 44.Rb4 Rf6 45.Rbf4 
1/2-1/2

[Event "19th Asia-ch (w)"]
[Site "Al-Ain UAE"]
[Date "2015.08.04"]
[Round "3.11"]
[White "Hakimifard, Ghazal"]
[Black "Lei Tingjie"]
[Result "0-1"]
[WhiteElo "2219"]
[BlackElo "2436"]
[EventDate "2015.08.02"]
[PlyCount "80"]

1.e4 c5 2.Nf3 e6 3.d4 cxd4 4.Nxd4 Nc6 5.Nc3 Qc7 6.Be2 Nf6 7.Be3 a6 8.O-O 
Be7 9.f4 d6 10.Kh1 O-O 11.Qe1 Nxd4 12.Bxd4 b5 13.a3 Bb7 14.Qg3 Rad8 15.
Rae1 Rd7 16.Bd3 Re8 17.Re2 Qb8 18.Qh3 e5 19.Bg1 Bc8 20.Nd5 Bd8 21.fxe5 
dxe5 22.Nxf6+ Bxf6 23.Rxf6 gxf6 24.Qh6 Re6 25.Re3 f5 26.Rg3+ Rg6 27.exf5 
Rxg3 28.hxg3 f6 29.Qxf6 Qd6 30.Qg5+ Rg7 31.Qh5 Bd7 32.g4 Bc6 33.Qh3 h5 34.
gxh5 Bxg2+ 35.Qxg2 Rxg2 36.Kxg2 Qc6+ 37.Kg3 e4 38.Bf1 Qxc2 39.Bh3 Qxb2 40.
Bg2 Qc1 0-1

[Event "19th Asia-ch (w)"]
[Site "Al-Ain UAE"]
[Date "2015.08.04"]
[Round "3.12"]
[White "Khademalsharieh, Sarasadat"]
[Black "Al-Rufei, Eman Hassane"]
[Result "1-0"]
[WhiteElo "2412"]
[BlackElo "2088"]
[EventDate "2015.08.02"]
[PlyCount "177"]

1.d4 d5 2.c4 e6 3.Nc3 Nf6 4.Nf3 Be7 5.Bf4 O-O 6.e3 a6 7.c5 Nh5 8.Bd3 Nxf4 
9.exf4 Nc6 10.a3 Bf6 11.Ne2 a5 12.O-O b6 13.cxb6 cxb6 14.Qc2 Ne7 15.Bxh7+ 
Kh8 16.Bd3 g6 17.b4 Kg7 18.b5 Bb7 19.Rfc1 Nc8 20.Ne5 Nd6 21.Ng3 Rc8 22.Qe2
Nc4 23.Qg4 Bxe5 24.dxe5 Rh8 25.Ne2 Rc5 26.Nd4 Qh4 27.Qxh4 Rxh4 28.g3 Rh8 
29.Rc2 a4 30.h4 Na5 31.Rb2 Rhc8 32.Rb4 Nb3 33.Nxb3 axb3 34.Rxb3 d4 35.Kf1 
Bf3 36.Ke1 Rc3 37.Rxc3 dxc3 38.Rc1 Kf8 39.Be2 Bd5 40.f3 Ba2 41.Bd3 Bb3 42.
Ke2 Ba4 43.Ke3 Rc5 44.g4 Kg7 45.Bc2 Bxb5 46.Rb1 Rd5 47.a4 Bd7 48.Rd1 Rxd1 
49.Bxd1 Bc6 50.Kd3 c2 51.Bxc2 Bxf3 52.Kc4 Bc6 53.Kb4 Kf8 54.Bd3 Kg7 55.Be2
Kf8 56.a5 bxa5+ 57.Kxa5 Ke7 58.Kb6 Be4 59.Kc5 Bb1 60.Bd1 Be4 61.Kd4 Bb1 
62.Be2 Bc2 63.Bf3 Kf8 64.Kc5 Ke7 65.Be2 Be4 66.Kd4 Bc2 67.h5 gxh5 68.gxh5 
f6 69.Bd3 fxe5+ 70.fxe5 Bd1 71.h6 Kf7 72.Ke3 Bh5 73.Kf4 Bd1 74.Kg5 Bb3 75.
Bg6+ Kg8 76.Kf6 Kh8 77.Bf7 Kh7 78.Bxe6 Ba4 79.Kg5 Be8 80.Bf5+ Kh8 81.e6 
Bc6 82.Kf6 Bd5 83.e7 Bc6 84.Bg6 Bd7 85.Ke5 Bb5 86.Kd6 Kg8 87.Kc7 Ba4 88.
Kd8 Bb5 89.Bf5 1-0

[Event "19th Asia-ch (w)"]
[Site "Al-Ain UAE"]
[Date "2015.08.04"]
[Round "3.13"]
[White "Otgonjargal, Sengeravdan"]
[Black "Tania, Sachdev"]
[Result "1/2-1/2"]
[WhiteElo "2213"]
[BlackElo "2390"]
[EventDate "2015.08.02"]
[PlyCount "32"]

1.e4 e5 2.Bc4 Nf6 3.Qe2 Bc5 4.Nf3 O-O 5.d3 c6 6.Bg5 d5 7.Bb3 Re8 8.Nbd2 h6
9.Bxf6 gxf6 10.Nh4 a5 11.a4 Bf8 12.O-O Na6 13.Qh5 Nc5 14.Rae1 Nxb3 15.Nxb3
d4 16.f4 Bg7 1/2-1/2

[Event "19th Asia-ch (w)"]
[Site "Al-Ain UAE"]
[Date "2015.08.04"]
[Round "3.14"]
[White "Pratyusha, Bodda"]
[Black "Pham Le Thao Nguyen"]
[Result "1-0"]
[WhiteElo "2194"]
[BlackElo "2332"]
[EventDate "2015.08.02"]
[PlyCount "129"]

1.d4 d5 2.c4 c6 3.Nc3 dxc4 4.e3 b5 5.a4 b4 6.Ne4 Nf6 7.Nxf6+ exf6 8.Bxc4 
Bd6 9.Nf3 O-O 10.a5 Bg4 11.Bd2 Nd7 12.h3 Be6 13.Bd3 Rc8 14.e4 Re8 15.O-O 
Nf8 16.Ba6 Rb8 17.Qc2 Bd7 18.Rfc1 Ng6 19.Be3 Qe7 20.Nd2 Bf4 21.Re1 Qd6 22.
Nb3 Bxe3 23.Rxe3 Nf4 24.Qc5 Qc7 25.d5 Qe5 26.Qxa7 Red8 27.dxc6 Bxc6 28.Qc5
Qe8 29.Nd4 Ba8 30.Bb5 Ne6 31.Qh5 Rxb5 32.Nxb5 g6 33.Qe2 Rb8 34.Nd6 Qc6 35.
Nc4 Nf4 36.Qf1 f5 37.Nb6 fxe4 38.Nxa8 Rxa8 39.Rc1 Qd5 40.Qc4 Qxa5 41.Rxe4 
g5 42.Rce1 Qb6 43.h4 h6 44.hxg5 hxg5 45.Re5 Ra5 46.Qc8+ Kg7 47.Qf5 Rxe5 
48.Qxe5+ Kg6 49.Qe4+ Kg7 50.b3 Ne6 51.g3 Nd4 52.Qd5 Qf6 53.Kg2 g4 54.Re3 
Nf3 55.Qh5 Qd4 56.Re8 Kf6 57.Qh6+ Kf5 58.Qh7+ Kf6 59.Qe4 Qd7 60.Rh8 Ng5 
61.Qa8 Ne6 62.Rh4 Qd1 63.Rh6+ Kg5 64.Qh8 Qf3+ 65.Kg1 1-0

[Event "19th Asia-ch (w)"]
[Site "Al-Ain UAE"]
[Date "2015.08.04"]
[Round "3.15"]
[White "Hejazipour, Mitra"]
[Black "Chu Ruotong"]
[Result "1-0"]
[WhiteElo "2321"]
[BlackElo "2048"]
[EventDate "2015.08.02"]
[PlyCount "45"]

1.c4 g6 2.Nc3 Nf6 3.e4 e5 4.Nf3 Qe7 5.d4 exd4 6.Nxd4 c6 7.f3 d5 8.cxd5 
Nxd5 9.Nxd5 cxd5 10.Bb5+ Bd7 11.Bxd7+ Qxd7 12.exd5 Bb4+ 13.Kf2 O-O 14.Nb3 
Qf5 15.Bh6 Rc8 16.Rc1 Nd7 17.Qd4 Ne5 18.Rhd1 Rxc1 19.Rxc1 f6 20.Rd1 Rc8 
21.Qxb4 Qc2+ 22.Rd2 Qf5 23.Nd4 1-0

[Event "19th Asia-ch (w)"]
[Site "Al-Ain UAE"]
[Date "2015.08.04"]
[Round "3.16"]
[White "Dauletova, Gulmira"]
[Black "Liu Manli"]
[Result "1-0"]
[WhiteElo "2278"]
[BlackElo "1995"]
[EventDate "2015.08.02"]
[PlyCount "163"]

1.e4 c5 2.Nf3 Nc6 3.d4 cxd4 4.Nxd4 g6 5.c4 Nf6 6.Nc3 Nxd4 7.Qxd4 d6 8.Be2 
Bg7 9.Be3 O-O 10.Qd2 Qa5 11.O-O Be6 12.Rab1 Rfc8 13.b3 a6 14.Rfc1 Rab8 15.
f3 Nd7 16.b4 Qd8 17.Nd5 b6 18.a3 Ne5 19.Bg5 f6 20.Be3 Bd7 21.f4 Ng4 22.
Bxg4 Bxg4 23.Qf2 b5 24.cxb5 axb5 25.f5 gxf5 26.h3 Rxc1+ 27.Rxc1 Bh5 28.
Qxf5 Bg6 29.Qe6+ Bf7 30.Qxe7 Bxd5 31.Qxd8+ Rxd8 32.exd5 f5 33.Rc6 Re8 34.
Bf4 Re1+ 35.Kf2 Ra1 36.Rxd6 Rxa3 37.Rd8+ Kf7 38.Rb8 Ra2+ 39.Kf3 Ra3+ 40.
Ke2 Ra2+ 41.Kf1 Ra1+ 42.Kf2 Ra2+ 43.Kg3 h5 44.Rxb5 Bf6 45.Rb7+ Kg6 46.d6 
Bd4 47.h4 Bg1 48.Bc1 Ra1 49.Rc7 Rb1 50.Kf3 Rb3+ 51.Ke2 Bh2 52.Rc6 Kf7 53.
Bd2 Ke6 54.Rb6 Kd7 55.Rb7+ Kxd6 56.Rh7 Ke5 57.Rxh5 Bf4 58.g4 Bxd2 59.Rxf5+
Ke6 60.Kxd2 Rxb4 61.Rg5 Rb2+ 62.Kc3 Rh2 63.h5 Kf7 64.Kd4 Rh3 65.Ke4 Kf6 
66.Rg6+ Kf7 67.Kf5 Rh1 68.Ra6 Rb1 69.Ra7+ Kg8 70.h6 Kh8 71.g5 Rf1+ 72.Ke5 
Rb1 73.g6 Rb5+ 74.Kd4 Rb8 75.Rd7 Ra8 76.Ke5 Kg8 77.Ke6 Re8+ 78.Kf6 Kh8 79.
Kf7 Rf8+ 80.Ke6 Re8+ 81.Kf7 Rf8+ 82.Ke7 1-0

[Event "19th Asia-ch (w)"]
[Site "Al-Ain UAE"]
[Date "2015.08.04"]
[Round "3.17"]
[White "Shamima, Akter Liza"]
[Black "Kulkarni, Bhakti Pradip"]
[Result "0-1"]
[WhiteElo "2155"]
[BlackElo "2262"]
[EventDate "2015.08.02"]
[PlyCount "88"]

1.d4 d6 2.c4 e5 3.e4 exd4 4.Qxd4 Nc6 5.Qe3 Nf6 6.b3 g6 7.Bb2 Bg7 8.Nc3 O-O
9.f3 Re8 10.O-O-O Qe7 11.Nge2 Be6 12.Kb1 a5 13.Nd5 Bxd5 14.cxd5 Nb4 15.Nc3
c6 16.Qd2 cxd5 17.a3 Na6 18.Bxa6 Rxa6 19.Nxd5 Nxd5 20.Bxg7 Kxg7 21.Qxd5 a4
22.b4 Rc6 23.Rc1 Rec8 24.Rxc6 Rxc6 25.Rc1 Rxc1+ 26.Kxc1 Qf6 27.Kc2 h6 28.
Kd3 Qf4 29.h3 Qc1 30.Qd4+ Kh7 31.Qc3 Qf1+ 32.Ke3 Qg1+ 33.Kf4 Qxg2 34.Qf6 
Kg8 35.h4 Qa2 36.Kg3 Qxa3 37.Qxd6 Qb2 38.e5 Qb3 39.h5 Qe6 40.Qd4 a3 41.
hxg6 Qxg6+ 42.Kf2 a2 43.b5 Qc2+ 44.Kg3 Qb1 0-1

[Event "19th Asia-ch (w)"]
[Site "Al-Ain UAE"]
[Date "2015.08.04"]
[Round "3.18"]
[White "Al-Shaibi, Boshra"]
[Black "Davletbaeva, Madina"]
[Result "0-1"]
[WhiteElo "1987"]
[BlackElo "2243"]
[EventDate "2015.08.02"]
[PlyCount "54"]

1.d4 Nf6 2.c4 e6 3.Nf3 Bb4+ 4.Nbd2 a5 5.a3 Be7 6.e4 d5 7.Bd3 c5 8.cxd5 
exd5 9.dxc5 dxe4 10.Nxe4 Nxe4 11.Qa4+ Bd7 12.Qxe4 Bc6 13.Qf5 g6 14.Qe5 O-O
15.Qe2 Bxc5 16.O-O Re8 17.Qd1 Nd7 18.Bc4 Qf6 19.Bg5 Qf5 20.Qd3 Re4 21.Rad1
Nb6 22.Qc3 Rg4 23.Bh6 Rxg2+ 24.Kh1 Bf8 25.Bxf8 Rxf8 26.Ne5 Qxe5 27.Qxe5 
Rg5+ 0-1

[Event "19th Asia-ch (w)"]
[Site "Al-Ain UAE"]
[Date "2015.08.04"]
[Round "3.19"]
[White "Hong Xing"]
[Black "Le Kieu Thien Kim"]
[Result "1-0"]
[WhiteElo "1882"]
[BlackElo "2226"]
[EventDate "2015.08.02"]
[PlyCount "161"]

1.e4 Nf6 2.e5 Nd5 3.c4 Nb6 4.d4 d6 5.exd6 cxd6 6.d5 e5 7.dxe6 Bxe6 8.Nf3 
Nc6 9.Nbd2 d5 10.cxd5 Qxd5 11.Be2 Be7 12.O-O O-O 13.Nb3 Rfd8 14.Qxd5 Bxd5 
15.Bf4 Bf6 16.Nc5 Bxb2 17.Rab1 Ba3 18.Nxb7 Rd7 19.Ba6 Nb4 20.Nc5 Nxa6 21.
Nxd7 Nxd7 22.Rfd1 Nf6 23.Rb5 Bc4 24.Rb7 h6 25.Be3 Be2 26.Re1 Bxf3 27.gxf3 
Nc5 28.Rc7 Ne6 29.Rxa7 Rxa7 30.Bxa7 Nd5 31.Rb1 Kf8 32.Rb3 Bd6 33.a4 Nb4 
34.a5 Ke7 35.Be3 Kd7 36.f4 f5 37.Bd2 Na6 38.Rb7+ Bc7 39.Rb5 g6 40.h4 h5 
41.Rb7 Kc6 42.Rb1 Nec5 43.f3 Nb7 44.Kh2 Nac5 45.Rg1 Nxa5 46.Rxg6+ Kd5 47.
Bxa5 Bxa5 48.Rf6 Bb4 49.Rxf5+ Ke6 50.Rxh5 Nd3 51.Rb5 Bf8 52.f5+ Kf6 53.Kg2
Nc5 54.Rb8 Nd7 55.Rb2 Ne5 56.f4 Nc4 57.Kf3 Nd6 58.Rb8 Be7 59.Kg4 Nxf5 60.
Rb6+ Bd6 61.h5 Nh6+ 62.Kf3 Nf7 63.Ke4 Kg7 64.f5 Be7 65.Rg6+ Kh7 66.Kd5 Bf8
67.Ke6 Nh6 68.f6 Kh8 69.Kd7 Kh7 70.Ke8 Bb4 71.f7 Nxf7 72.Kxf7 Bd2 73.h6 
Be3 74.Rg3 Bf4 75.Rh3 Bc1 76.Rc3 Bd2 77.Rc2 Be3 78.Kf6 Bf4 79.Kf5 Bxh6 80.
Rc7+ Bg7 81.Kg5 1-0

[Event "19th Asia-ch (w)"]
[Site "Al-Ain UAE"]
[Date "2015.08.04"]
[Round "3.20"]
[White "Nguyen Thi Thanh An"]
[Black "Faqih, Asil"]
[Result "1-0"]
[WhiteElo "2219"]
[BlackElo "1599"]
[EventDate "2015.08.02"]
[PlyCount "59"]

1.d4 Nf6 2.c4 g6 3.f3 Bg7 4.e4 d6 5.Nc3 O-O 6.Be3 a5 7.Qd2 b6 8.Bd3 Na6 9.
Nge2 Nd7 10.Rd1 e5 11.O-O exd4 12.Nxd4 Ne5 13.Be2 c5 14.Ndb5 Be6 15.b3 Qe7
16.Qxd6 Qxd6 17.Rxd6 Rab8 18.Rfd1 Nb4 19.Bf2 Bh6 20.Bg3 Nec6 21.a3 Be3+ 
22.Kf1 Nd4 23.axb4 axb4 24.Nxd4 bxc3 25.Nc2 Rfe8 26.Nxe3 b5 27.Rxe6 bxc4 
28.Rxe8+ Rxe8 29.Bxc4 Ra8 30.Be5 1-0

[Event "19th Asia-ch (w)"]
[Site "Al-Ain UAE"]
[Date "2015.08.04"]
[Round "3.22"]
[White "Li Yunshan"]
[Black "Antonova, Nadezhda"]
[Result "1-0"]
[WhiteElo "1835"]
[BlackElo "2011"]
[EventDate "2015.08.02"]
[PlyCount "111"]

1.d4 d6 2.Nf3 Bg4 3.g3 Bxf3 4.exf3 Nd7 5.f4 c6 6.Bg2 g6 7.O-O Bg7 8.c3 e6 
9.Nd2 Ne7 10.h4 O-O 11.Ne4 Nf6 12.Ng5 Qc7 13.Qe2 Nf5 14.Rd1 a5 15.Bf3 h5 
16.Kg2 Rfe8 17.a4 Rab8 18.Qc4 d5 19.Qe2 b5 20.Rh1 Nh6 21.Be3 b4 22.Rhc1 
bxc3 23.Rxc3 Nd7 24.Rc2 Nf5 25.Rac1 Rb6 26.Qd2 Ra8 27.Be2 Qb7 28.Nf3 f6 
29.Ne1 Nd6 30.Bd3 Kf7 31.f3 f5 32.Be2 Nb8 33.Nd3 Nc4 34.Ne5+ Bxe5 35.Bxc4 
Bd6 36.Bd3 Rb4 37.Ra1 Nd7 38.Ra2 Nb6 39.Qc1 Rc8 40.Qa1 Rb3 41.Rc3 Rb4 42.
b3 Be7 43.Qd1 Nd7 44.Ra1 Bf6 45.Be2 Rb8 46.Rac1 c5 47.Bb5 Bxd4 48.Bxd4 
Rxd4 49.Qe2 Rd8 50.Bxd7 Rxd7 51.Rxc5 Qxb3 52.Rc7 Qxa4 53.R1c6 Rxc7 54.
Qxe6+ Kf8 55.Rxc7 Qc2+ 56.Rxc2 1-0

[Event "19th Asia-ch (w)"]
[Site "Al-Ain UAE"]
[Date "2015.08.04"]
[Round "3.23"]
[White "Ankhchimeg, Bayanmunkh"]
[Black "Al-Attar, Ghaya"]
[Result "0-1"]
[WhiteElo "2180"]
[BlackElo "1913"]
[EventDate "2015.08.02"]
[PlyCount "44"]

1.e4 e5 2.Nf3 Nc6 3.Bb5 f5 4.d3 fxe4 5.dxe4 Nf6 6.Nc3 Bb4 7.O-O Bxc3 8.
bxc3 d6 9.Qd3 O-O 10.a4 Qe8 11.Bg5 Qh5 12.Qc4+ Kh8 13.Bxf6 gxf6 14.Bxc6 
bxc6 15.Qxc6 Bg4 16.Ne1 Be2 17.Nd3 Rg8 18.f3 Rxg2+ 19.Kxg2 Rg8+ 20.Kf2 
Qxf3+ 21.Ke1 Bxf1 22.Nc1 Qe3+ 0-1

[Event "19th Asia-ch (w)"]
[Site "Al-Ain UAE"]
[Date "2015.08.04"]
[Round "3.24"]
[White "Alymbay, Kyzy Aizhan"]
[Black "Hj Azahari, Siti Nur Fatimah"]
[Result "1/2-1/2"]
[WhiteElo "1903"]
[BlackElo "2073"]
[EventDate "2015.08.02"]
[PlyCount "56"]

1.e4 e5 2.Nf3 Nf6 3.Nxe5 d6 4.Nf3 Nxe4 5.Nc3 Nf6 6.d4 Be7 7.Bd3 O-O 8.h3 
Re8 9.O-O Nbd7 10.Bf4 Nf8 11.Re1 Ng6 12.Bh2 c6 13.Qd2 d5 14.Re2 Bd6 15.
Bxd6 Qxd6 16.Rxe8+ Nxe8 17.Re1 Bd7 18.Ne2 Nf6 19.Ng3 Re8 20.Rxe8+ Nxe8 21.
Qe1 Qe7 22.Qa5 a6 23.Qd2 Nd6 24.b3 Qf6 25.Nh5 Qe7 26.Ng3 Qf6 27.Nh5 Qe7 
28.Ng3 Qf6 1/2-1/2

[Event "19th Asia-ch (w)"]
[Site "Al-Ain UAE"]
[Date "2015.08.04"]
[Round "3.25"]
[White "Khalaji, Hanieh"]
[Black "Al-Harmoudi, Mona"]
[Result "1-0"]
[WhiteElo "1965"]
[BlackElo "1745"]
[EventDate "2015.08.02"]
[PlyCount "51"]

1.e4 c5 2.Nc3 Nc6 3.g3 g6 4.Bg2 Bg7 5.d3 e6 6.Be3 d6 7.Qd2 Nge7 8.Nge2 O-O
9.h4 b6 10.h5 d5 11.Bh6 f5 12.Bxg7 Kxg7 13.hxg6 hxg6 14.Qh6+ Kf7 15.exd5 
exd5 16.Qh7+ Kf6 17.Nf4 Be6 18.Qh4+ Kf7 19.Qg5 Qd6 20.O-O-O Rh8 21.Rde1 
Rxh1 22.Bxh1 Bd7 23.Ncxd5 Nxd5 24.Bxd5+ Kg7 25.Bxc6 Qxc6 26.Re7+ 1-0

[Event "19th Asia-ch (w)"]
[Site "Al-Ain UAE"]
[Date "2015.08.04"]
[Round "3.26"]
[White "Al-Dhaffari, Salma"]
[Black "Mir Mahmoud, Afamia"]
[Result "0-1"]
[WhiteElo "1655"]
[BlackElo "1949"]
[EventDate "2015.08.02"]
[PlyCount "54"]

1.d4 d5 2.c4 c6 3.Nf3 Nf6 4.e3 e6 5.Nc3 Nbd7 6.Bd3 dxc4 7.Bxc4 b5 8.Bd3 a6
9.e4 Bb7 10.Bg5 Qa5 11.O-O b4 12.Qb3 c5 13.Bc4 cxd4 14.Bxe6 fxe6 15.Qxe6+ 
Be7 16.Bxf6 gxf6 17.Nd5 Bxd5 18.exd5 Qb6 19.Qe4 Kf7 20.Nxd4 Bc5 21.Qe6+ 
Qxe6 22.dxe6+ Ke7 23.exd7 Bxd4 24.Rfe1+ Kf7 25.Rad1 Bxb2 26.Rd3 Rhd8 27.f4
Ra7 0-1

[Event "19th Asia-ch (w)"]
[Site "Al-Ain UAE"]
[Date "2015.08.04"]
[Round "3.27"]
[White "Nouman, Amna"]
[Black "Asil, Odeh"]
[Result "1-0"]
[WhiteElo "1935"]
[BlackElo "1588"]
[EventDate "2015.08.02"]
[PlyCount "75"]

1.e4 e5 2.Nf3 Nc6 3.Bb5 g6 4.c3 Bg7 5.d4 exd4 6.cxd4 Nge7 7.O-O O-O 8.Nc3 
d6 9.h3 a6 10.Ba4 b5 11.Bb3 Kh8 12.Ng5 Kg8 13.Be3 h6 14.Nf3 Kh7 15.d5 Ne5 
16.Nxe5 Bxe5 17.f4 Bg7 18.Bd4 f5 19.Bxg7 Kxg7 20.e5 dxe5 21.fxe5 Bb7 22.a3
c5 23.d6 Nc6 24.Re1 Nd4 25.Bd5 Bxd5 26.Nxd5 f4 27.Re4 f3 28.Ne7 f2+ 29.Kf1
Nf5 30.Nxf5+ Rxf5 31.e6 Rf6 32.Qd5 Rf5 33.Qb7+ Kh8 34.e7 Qg8 35.Qxa8 Qxa8 
36.e8=Q+ Qxe8 37.Rxe8+ Kg7 38.d7 1-0

[Event "19th Asia-ch (w)"]
[Site "Al-Ain UAE"]
[Date "2015.08.04"]
[Round "3.28"]
[White "Al-Gildah, Nibal"]
[Black "Al-Maamari, Wafa Darwish"]
[Result "1/2-1/2"]
[WhiteElo "1920"]
[BlackElo "1500"]
[EventDate "2015.08.02"]
[PlyCount "101"]

1.c4 c5 2.Nf3 Nc6 3.b3 e5 4.Nc3 g6 5.Bb2 Bg7 6.d3 Nge7 7.g3 d6 8.Bg2 Be6 
9.O-O O-O 10.e3 a6 11.Qe2 Rb8 12.Rfd1 d5 13.Ng5 d4 14.Nce4 Bd7 15.Nxc5 h6 
16.Nxd7 Qxd7 17.Nf3 dxe3 18.fxe3 Rbd8 19.a3 Qe6 20.Rab1 e4 21.Ne1 exd3 22.
Rxd3 Rxd3 23.Qxd3 Rd8 24.Qe4 Qd6 25.Bxg7 Kxg7 26.b4 b5 27.cxb5 axb5 28.Bf1
f5 29.Qc2 Qd5 30.Qc3+ Kh7 31.Qc5 Qe4 32.Rc1 Rd5 33.Qc3 Re5 34.Bg2 Qxe3+ 
35.Qxe3 Rxe3 36.Bxc6 Nxc6 37.Ng2 Re6 38.Rc5 Nd4 39.Nf4 Rd6 40.Kf2 g5 41.
Ne2 Nxe2 42.Kxe2 Ra6 43.Rxf5 Rxa3 44.Kf2 Ra2+ 45.Kg1 g4 46.Rf2 Ra1+ 47.Kg2
Rb1 48.Rf4 Rb2+ 49.Kg1 Rb1+ 50.Kg2 Rb2+ 51.Kg1 1/2-1/2